Metodika mapovania historických štruktúr poľnohospodárskej krajiny Slovenska a návrhu ich optimálneho manažmentu

Historické štruktúry poľnohospodárskej krajiny (HŠPK) na Slovensku. Vypracovanie návrhu stratégie ochrany a manžmentu HŠPK jednotlivých modelových území zameraného na ochranu cenných biotopov v súlade s princípmi trvalo udržateľného rozvoja a Európskeho dohovoru o krajine.

Enregistré dans:
Détails bibliographiques
Auteur principal: Dobrovodská, Marta
Autres auteurs: Špulerová, Jana, Štefunková, Dagmar
Format: Chapitre de livre
Langue:slovaque
Sujets:
Tags: Ajouter un tag
Pas de tags, Soyez le premier à ajouter un tag!

MARC

LEADER 00000naa a2200000 4500
001 0197484
005 20231208081233.3
041 0 |a slo 
044 |a SK 
245 1 0 |a Metodika mapovania historických štruktúr poľnohospodárskej krajiny Slovenska a návrhu ich optimálneho manažmentu  |c Marta Dobrovodská, Jana Špulerová, Dagmar Štefunková 
520 |a Historické štruktúry poľnohospodárskej krajiny (HŠPK) na Slovensku. Vypracovanie návrhu stratégie ochrany a manžmentu HŠPK jednotlivých modelových území zameraného na ochranu cenných biotopov v súlade s princípmi trvalo udržateľného rozvoja a Európskeho dohovoru o krajine. 
610 2 0 |a prostredie životné 
610 2 0 |a diverzita biologická 
610 2 0 |a ekológia krajiny 
610 2 0 |a manažment environmentálny 
610 2 0 |a rozvoj trvalo udržateľný 
100 1 |a Dobrovodská, Marta 
700 1 |a Špulerová, Jana 
700 1 |a Štefunková, Dagmar